00401nam a22000977a 4500008004100000050002400041100002800065245018600093260000900279300001500288240520b |||||||| |||| 00| 0 eng d aLB1027.5b.K43 2018 aKebati, Oigara Zachary  aInfluence of implementation strategies of guidance and counselling programmes on bemaviour change of pupils in public primary schools in Kisii county, Kenya /cOigara Zachary Kebati c2018 axvi, 215p.